| 000 | 00000nam##2200000za#4500 |
| 001 | 9.638566 |
| 003 | CaOODSP |
| 005 | 20210624221737 |
| 007 | cr ||||||||||| |
| 008 | 150407|2002||||xxc|||||o f|0| 0 fre|d |
| 040 | |aCaOODSP|bfre |
| 043 | |an-cn--- |
| 086 | 1 |aH39-611/2002-1F-PDF |
| 110 | 1 |aCanada. |bSanté Canada. |
| 245 | 10|aGuide d'activité physique canadien pour les jeunes |h[ressource électronique] |
| 260 | |aOttawa - Ontario : |bSanté Canada |c2002. |
| 300 | |a2p.|bill. en couleur, tableau |
| 500 | |aLe n° de catalogue (H39-611/2002-1F) et l'ISBN (0-662-86964-8) de l'édition imprimée bilingue ont été incorrectement copiés dans cette édition électronique. |
| 520 | 3 |aCette brochure lance un défi aux jeunes Canadiens : osez être actifs. La rencontre de nouveaux amis, l’amélioration de l’estime de soi, le maintien d’un poids santé et le renforcement des os et des muscles ne sont que quelques-uns des avantages dont les adolescents peuvent profiter grâce à un mode de vie sain. Un tableau sur cinq mois est inclus pour aider les jeunes à augmenter peu à peu leur activité physique quotidienne modérée et intense, de même que des suggestions d’activités pouvant les aider à garder le moral et la forme, notamment le ski, la planche à neige, la planche à roulettes, la danse ou encore le simple fait de ratisser les feuilles et de marcher jusqu’au centre commercial. |
| 590 | |a12-28-Supp|b2012-06-15 |
| 691 | 07|aCondition physique|2gcpds |
| 691 | 07|aJeunesse|2gcpds |
| 775 | 08|tCanada's physical activity guide for youth |w(CaOODSP)9.694388 |
| 776 | 0#|tGuide d'activité physique canadien pour les jeunes |w(CaOODSP)9.681800 |
| 856 | 40|ahttp://publications.gc.ca|qPDF|s314 Ko|uhttps://publications.gc.ca/collections/Collection/H39-611-2002-1F.pdf |